000 00322nam a22001457a 4500
020 _a81-8482-123-9
082 _a823
_bPAI/R
100 _aPAI, ANANT
245 _aRAMANUJA
260 _aMUMBAI
_bAMAR CHITHA KATHA
300 _a31
520 _aENGLISH SHORT STORY
650 _aENGLISH SHORT STORY
_zMUMBAI
942 _cBK
999 _c5303
_d5303